Principios de teleinformática /

Guardat en:
Dades bibliogràfiques
Autor principal: Baydal Cardona, Elvira (autor)
Altres autors: Sánchez López, Miguel (autor) (autor)
Format: Llibre
Idioma:espanyol
Publicat: Valencia, España : Universidad Politécnica de Valencia, 1995, c1995
Matèries:
Etiquetes: Afegir etiqueta
Sense etiquetes, Sigues el primer a etiquetar aquest registre!

MARC

LEADER 00000nam^a2200000^a^4500
001 000052321
005 20250521000000.0
009 20260310090353.95
020 |a 84-7721-311-9 
037 |a Acervo ITESO - Biblioteca 
041 |a ESP 
082 |a 621. 3821  |b BAY 
100 |a Baydal Cardona, Elvira  |e (autor) 
245 1 0 |a Principios de teleinformática /  |c E. Baydal Cardona, M. Sánchez López. 
264 4 |a Valencia, España :  |b Universidad Politécnica de Valencia,  |c 1995, c1995 
300 |a 258 p. 
336 |a texto  |b txt  |2 rdacontenido 
337 |a sin mediación  |b n  |2 rdamedio 
338 |a volumen  |b nc  |2 rdasoporte 
649 |a XX 
650 |a Transmisión de Datos 
650 |a Proceso de Comunicación 
650 |a Protocolos de Comunicación 
650 |a Redes de Area Local 
650 |a Redes de Computadoras 
650 |a Comunicación en Red 
650 |a Comunicación Inalámbrica 
650 |a Wi-Fi (Comunicación Inalámbrica) 
650 |a Sistemas de Telecomunicación 
650 |a Telecomunicaciones 
650 |a Comunicaciones y Tránsito 
650 |a Ingeniería Computacional 
700 |a Sánchez López, Miguel  |e (autor) 
910 |a Fondo General 
920 |a Impresos - Libros 
930 |a Colección General 
905 |a 101 
901 |a 0500009858  |b IT1  |c ACC  |u 20250521 
902 |a https://opac.biblio.iteso.mx/vufind/Record/000052321